Výkonnosť protokolov transportnej vrstvy

Uložené v:
Podrobná bibliografia
Hlavný autor: Filip, Filip, 1991- (Autor)
Ďalší autori: Olšovský, Michal, 1987- (Vedúci práce)
Médium: Rukopis Kniha
Jazyk:Slovak
Vydavateľské údaje: Bratislava : STU v Bratislave FIIT, 2013
Predmet:
On-line prístup:VAIS
Tagy: Pridať tag
Žiadne tagy, Buďte prvý, kto otaguje tento záznam!

MARC

LEADER 00000ntm a22000003a 4500
001 stu275738
005 20150617230236.6
008 131005s2013----xo------------------slo-d
040 |a STU  |b slo 
041 0 |a slo 
044 |a xo 
100 1 |a Filip, Filip,  |d 1991-  |4 aut  |u I  |T FIIT Fakulta informatiky a informačných technológií  |X 5800  |U I  |Y 70  |7 A000005800 
242 0 0 |a Performance of transport layer protocols  |y eng 
245 1 |a Výkonnosť protokolov transportnej vrstvy 
260 |a Bratislava :  |b STU v Bratislave FIIT,  |c 2013 
300 |a 61 s  |c príl. 
650 7 |a Computer and Communication Systems and Networks  |2 estusub 
650 7 |a simulation  |2 estusub 
650 7 |a simulácia  |2 stusub 
650 7 |a počítačové a komunikačné systémy a siete  |2 stusub 
700 1 |a Olšovský, Michal,  |d 1987-  |4 ths  |u I100  |U FIIT Fakulta informatiky a informačných technológií  |T FIIT Ústav počítačových systémov a sietí  |X 16991  |U I100  |Y 178  |7 A000016991 
856 4 |a info a plný text  |u http://is.stuba.sk/zp/portal_zp.pl?podrobnosti=77810  |3 VAIS 
996 |b IBAP34/13  |c I*BAP34/13  |l II680  |s A  |a 24  |w stu275738_0001